000
00323nam a2200109Ia 4500
008
160531s9999 xx 000 0 und d
100
_a
Abdurakhmonov, Ibrokhim Y.
245
_a
RNA Interference
245
_c
by Ibrokhim Y. Abdurakhmonov (ed.)
260
_c
2016
856
_u
http://www.intechopen.com/books/rna-interference
999
_c
295305
_d
295305